000 00328 a2200157 4500
001 73971
020 _a8529403877-8
040 _cAnchieta - Colégio São Paulo
100 _aMatias, Roque
240 1 0 _aFísica Geral
_lpor
245 1 0 _aFísica Geral
300 _a813
362 0 _a2011
650 4 _aFísica
942 _cBK
999 _c73971
_d73971